| 000 | 00491nam a2200217Ia 4500 | ||
|---|---|---|---|
| 008 | 210210b2001 xxu||||| |||| 00| 0 eng d | ||
| 020 | _a81 223 0731 5 | ||
| 082 | _a613.7 PODF | ||
| 100 | _aPODDER (Tanushree) | ||
| 245 | _aFit and fine in body and mind | ||
| 260 |
_aDelhi. _bPustak Mahal., _c2001 |
||
| 300 | _a219 | ||
| 650 | _amind | ||
| 650 | _ain | ||
| 650 | _aFit | ||
| 650 | _afine | ||
| 650 | _abody | ||
| 650 | _aand | ||
| 690 | _aPhysical Fitness | ||
| 906 | _aSG03862 | ||
| 999 |
_c114620 _d114620 |
||